| 000 | 01636nam a2200397 c 4500 | ||
|---|---|---|---|
| 003 | BLK | ||
| 005 | 20210913135945.0 | ||
| 008 | 180411b bul|||||r ||||||| ||bul|| | ||
| 010 | _aKNG00185600000 | ||
| 020 |
_a978-954-730-847-3 _bиздат.: Сиби - (грешен) |
||
| 040 | _aBLK | ||
| 041 |
_aBUL _cBUL |
||
| 072 | 7 |
_2bullib _aН34 _xПраво Н |
|
| 080 |
_aСтопанско законодателство. Търговия. Индустрия _b351.82 _x:347.23(497.2)(094.9) _z351.82:347.23(497.2)(094.9) |
||
| 110 | 1 |
_aБългария. Закони и др. п. _9243213 |
|
| 139 |
_aБългария. Закони и др. п. _bБ 92 |
||
| 245 | 1 | 0 |
_aЕтажна собственост _b2 04 С07 : Сб. нормат. актове |
| 250 | _a5. актуализирано изд. | ||
| 257 | _aBGR | ||
| 260 |
_аСофия _bСиби _c2015 _fСофия : Инвестпрес |
||
| 300 |
_a144 с. _c19 см |
||
| 380 | _a3 | ||
| 490 | 1 | _aПоредица Джобни издания | |
| 500 | _aИнформ. към 1 май 2015. | ||
| 650 | 4 |
_aНедвижима собственост - България - законодателни и директивни материали _9262661 |
|
| 651 | 4 |
_aБългария _9241624 |
|
| 653 | _aетажна собственост | ||
| 653 | _aнедвижима собственост | ||
| 653 | _aнормативни документи | ||
| 659 | _aН | ||
| 852 | _aЦб 278677 | ||
| 856 | 4 |
_qpdf _u |
|
| 856 | 4 |
_qpdf _u |
|
| 942 |
_cKNG _n0 _06 |
||
| 944 |
_aCR _c16.12.2015 _lф / _kВиолета_Тройчева |
||
| 944 |
_aED _c12.08.2016 _lф / _kВиолета_Тройчева |
||
| 999 |
_c176966 _d176966 |
||